Statistics for Ark Survival Evolved Guess the Dino from Picture

Click here to take the quiz!

General Stats

  • This quiz has been taken 768 times
  • The average score is 10 of 16

Answer Stats

Answer% Correct
Spino
98%
DIlo
95%
Giga
95%
Rock Drake
91%
Galli
87%
Gacha
81%
Phoenix
73%
Troodon
67%
Fjordhawk
50%
Ammonite
46%
Mesopithecus
46%
Amargasaurus
45%
Dinopithecus
42%
Chalicotherium
41%
Diplocaulus
41%
Archa
33%

Score Distribution

Percentile by Number Answered

Percent of People with Each Score

Your Score History

You have not taken this quiz